| 000 | 00439nam a2200121Ia 4500 | ||
|---|---|---|---|
| 008 | 200907s9999 xx 000 0 und d | ||
| 020 | _a978-971-98-1207-4 | ||
| 100 | _aGo-Monilla, Peter R. | ||
| 245 |
_cPeter R. Go-Monilla, Kristoffer Kiel M. Santos, Kimson Gener G. Kong, Ronnie M. Gillego _aEthics: _ba modular approach/ |
||
| 260 |
_aQuezon City: _bC and E Publishing, Inc. _c2019 |
||
| 300 |
_aviii, 263 pages _c22 cm. |
||
| 650 | _aEthics | ||
| 999 |
_c364079 _d364079 |
||